A320 family variants - Statistics

General Stats
  • This quiz has been taken 31 times
  • The average score is 10 of 19
Answer Stats
Hint Answer % Correct
A318 A318-100
85%
A319 A319-100
85%
A320 A320neo
85%
A321 A321neo
85%
A320 A320-200
80%
A319 A319neo
75%
A320 A320-100
70%
A321 A321-100
70%
A321 A321-200
70%
A321 A321XLR
65%
A321 A321LR
55%
A321 A321F
50%
A320 A320ceo
35%
A319 A319ceo
30%
A321 A321ceo
30%
A319 ACJ319
25%
A319 A319LR
20%
A321 A321-200P2F
10%
A321 A321-200PCF
10%
No matching quizzes found
Score Distribution
Percent of People with Each Score
Percentile by Number Answered
Your Score History
You have not taken this quiz